| 000 | 01996nam a2200421 c 4500 | ||
|---|---|---|---|
| 003 | BLK | ||
| 005 | 20180420225117.0 | ||
| 008 | 180408b bul|||||r ||||||| ||bul|| | ||
| 010 | _aKNG00093084000 | ||
| 020 |
_a978-954-92633-4-3 _bиздат.: Общоарм. благотворителен съюз Парекордзаган |
||
| 040 | _aBLK | ||
| 041 |
_aBUL _cBUL |
||
| 072 | 7 |
_2bullib _aН32 _xПолитика Н |
|
| 080 |
_aМеждународни политически отношения. Световна политика. Международна политика. Дипломация _b327 _x(479.25) _z327(479.25) |
||
| 080 |
_aМеждународни политически отношения. Световна политика. Международна политика. Дипломация _b327 _x(560) _z327(560) |
||
| 100 | 1 |
_aДинк, Хрант _eпърви автор _963215 |
|
| 700 | 1 |
_aХачикян, Хачик Дикран _eпрев. _9303155 |
|
| 139 |
_aДинк, Хрант _bД 62 |
||
| 245 | 1 | 0 |
_aДва близки народа, два далечни съседа _bАрмения-Турция _cХрант Динк; прев. Хачик Дикран Хачикян. |
| 257 | _aARM | ||
| 260 |
_аПловдив _bОбщоарм. благотворителен съюз Парекордзаган _c2011 _fСофия : Славейков |
||
| 300 |
_a136 с. _c21 см |
||
| 380 | _a3 | ||
| 500 | _aОриг. загл. Iki yakin halk, iki uzak komsu / Hrant Dink. | ||
| 650 | 4 |
_aАрмения и Турция _9303156 |
|
| 651 | 4 |
_aАрмения _9178546 |
|
| 651 | 4 |
_aТурция _9179691 |
|
| 653 | _aмеждународни политически отношения | ||
| 653 | _aконфликти | ||
| 653 | _aразвитие | ||
| 653 | _aарменски въпрос | ||
| 659 | _aН | ||
| 852 | _aЦб 254668 | ||
| 856 | 4 |
_qpdf _u |
|
| 856 | 4 |
_qpdf _u |
|
| 942 |
_cKNG _n0 |
||
| 944 |
_aCR _c26.03.2012 _lф / _kПенка_Димитрова |
||
| 944 |
_aED _c20.06.2013 _lф / _k |
||
| 999 |
_c88420 _d88420 |
||